| 000 | 00705nam a2200217Ia 4500 | ||
|---|---|---|---|
| 008 | 140321s9999 xx 000 0 und d | ||
| 020 | _a9781259012280 | ||
| 050 |
_aQA 76.5 _b.W5332 2013 |
||
| 100 | _aWilliams, Brian K. | ||
| 245 |
_aUsing information technology : _ba practical introduction to computers and communications / _cBrian K. Williams and Stacey C. Sawyer. |
||
| 250 | _a10 ed. | ||
| 260 |
_aPhilippines : _bMcGraw-Hill, _cc2013. |
||
| 300 |
_a576 p. : _c28 cm. |
||
| 500 | _aIncludes bibliographical references and index. | ||
| 521 | _aIT | ||
| 650 | _aComputers. | ||
| 650 | _aInformation technology. | ||
| 650 | _aTelecommunication systems. | ||
| 942 |
_kLOC _cBK |
||
| 999 |
_c48348 _d48348 |
||